Logo Biblioteca

El coleccionista de coleccionistas / (Registro nro. 288)

Detalles MARC
000 -LEADER
fixed length control field 00628nam a22002297a 4500
003 - CONTROL NUMBER IDENTIFIER
control field OSt
005 - DATE AND TIME OF LATEST TRANSACTION
control field 20250807131227.0
008 - FIXED-LENGTH DATA ELEMENTS--GENERAL INFORMATION
fixed length control field 240805s1999 ag ||||| |||| 00| 0 spa d
020 ## - INTERNATIONAL STANDARD BOOK NUMBER
International Standard Book Number 8483100932
040 ## - CATALOGING SOURCE
Transcribing agency besoc
080 ## - UNIVERSAL DECIMAL CLASSIFICATION NUMBER
Authority record control number or standard number 82-31(410.1)
100 ## - MAIN ENTRY--PERSONAL NAME
Personal name Fischer, Tibor
Dates associated with a name 1959-
Relator term autor
245 ## - TITLE STATEMENT
Title El coleccionista de coleccionistas /
Statement of responsibility, etc. Tibor Fische ; traducción de Manuel Talens.
250 ## - EDITION STATEMENT
Edition statement 1ª ed.
260 ## - PUBLICATION, DISTRIBUTION, ETC.
Place of publication, distribution, etc. Barcelona :
Name of publisher, distributor, etc. Tusquets,
Date of publication, distribution, etc. 1999.
300 ## - PHYSICAL DESCRIPTION
Extent 260 p. ;
Dimensions 21 cm.
490 0# - SERIES STATEMENT
Series statement Colección andanzas,
Volume/sequential designation 367
648 #4 - SUBJECT ADDED ENTRY--CHRONOLOGICAL TERM
Chronological term Siglo XXI
650 #4 - SUBJECT ADDED ENTRY--TOPICAL TERM
Topical term or geographic name entry element Literatura inglesa
655 #4 - INDEX TERM--GENRE/FORM
Genre/form data or focus term Novela
942 ## - ADDED ENTRY ELEMENTS (KOHA)
Source of classification or shelving scheme Universal Decimal Classification
Koha item type Libro de préstamo a domicilio
Suppress in OPAC No
Existencias
Withdrawn status Lost status Source of classification or shelving scheme Damaged status Not for loan Collection Home library Current library Date acquired Total checkouts Barcode Date last seen Price effective from Koha item type
    Universal Decimal Classification     Materiales Especiales Biblioteca Escuela de Ciencias Sociales Biblioteca Escuela de Ciencias Sociales 05/08/2024   1977 05/08/2024 05/08/2024 Obra General
Biblioteca de la Escuela Preuniversitaria en Ciencias Sociales y Humanísticas.
Riobamba 250 bis.
CP 2000 - Rosario - Santa Fe
E-Mail: biblioteca@esociales.unr.edu.ar